Statistics for April 1st: Birthdays

Click here to take the quiz!

General Stats

  • This quiz has been taken 7 times
  • The average score is 1 of 10

Answer Stats

YearClueAnswer% Correct
1815Chancellor of GermanyOtto von Bismarck
67%
1996Youtube StarLogan Paul
33%
1940Earned Nobel Peace PrizeWangari Maathai
17%
1926Sci-Fi Author who wrote DragonflightAnne McCaffrey
0%
1957English Cricketer and CaptainDavid Gower
0%
1875Creator of King KongEdgar Wallace
0%
1905Prime Minister of BelgiumGaston Eyskens
0%
1776French MathematicianSophie Germain
0%
1920Actress in ShoganToshiro Mifune
0%
1886Part of the Ringling Brothers CircusWallace Beery
0%

Score Distribution

Percentile by Number Answered

Percent of People with Each Score

Your Score History

You have not taken this quiz